000 01186nam0a2200361 4500
001 RU\NLR\BIBL_A\012386757
005 20201110170810.0
010 _a978-5-04-110514-3
_92000
021 _aRU
_bКН-П-20-040763
_9КН-П-20-3093
035 _a(NLR Aleph) 012386757
035 _a(RuMoRGB)010378684
090 _a11655731
_c11655731
100 _a20201023d2020 u y0rusy50 ca
101 0 _arus
102 _aRU
105 _aa|||z|||000ay
181 0 _ai
_baxxe
182 0 _an
200 1 _aПленник богини любви
_e[роман]
_fЕлена Арсеньева
203 _aТекст
_bвизуальный
_cнепосредственный
210 _aМосква
_cЭксмо
_d2020
215 _a345, [2] с.
_cил.
_d20
225 1 _aРусская красавица
320 _aДр. кн. авт.: с. 2
333 _a16+
686 2 _aШ6(2=Р)8-440.4
700 1 _aАрсеньева
_bЕ. А.
_cписатель
_f1952-
_gЕлена Арсеньевна
_3RU\NLR\AUTH\77572
942 _cBOOK
980 _aNBR
980 _aNB